000 00437cam a22001337a 4500
008 180718b2004 xxu||||| |||| 00| 0 eng d
082 _aA81x54 01/4TH
100 _aCensus of India 2001
245 _aPunjab: tables on houses, household amenities and assets
260 _aDelhi
_bThe Controller of Publications
_c2004
300 _a552p.
440 _aCensus of India 2001. Series-4, Punjab
650 _aHousehold surveys - India - Punjab
999 _c486745
_d486745